[Event "Barcelona Vulca"]
[Site "Barcelona"]
[Date "1988.??.??"]
[Round "3"]
[White "Martin Gonzalez, Angel"]
[Black "Campos Lopez, Mario"]
[Result "1-0"]
[WhiteElo "2390"]
[BlackElo "2330"]

1.e4 e6 2.d4 d5 3.Nc3 Bb4 4.e5 Ne7 5.a3 Bxc3+ 6.bxc3 c5 7.Qg4 Qc7 8.Qxg7 Rg8
9.Qxh7 cxd4 10.Ne2 Nbc6 11.f4 Bd7 12.Qd3 dxc3 13.Nxc3 Nf5 14.Rb1 Ncd4 15.Rb4 Rc8
16.Bd2 Qc5 17.Rxb7 Qxa3 18.Rg1 Bc6 19.Rb1 Qc5 20.g4 Nxc2+ 21.Qxc2 Qxg1 22.gxf5 Rg2
23.Nd1 Rxh2 24.Qd3 d4 25.Rc1 exf5 26.Rc4 Rh1 27.Rxd4 Be4 28.Qb5+ Kf8 29.Nf2 Qg3
30.Qd7 Bg2 31.Qxc8+ Kg7 32.Qc4 Rxf1+ 33.Qxf1 Bxf1 34.Kxf1 Qb3 35.Rd3 Qc4
36.Kg1 Kg6 37.Rg3+ Kh7 38.Nh3 Kh6 39.Ng5 Qd4+ 40.Be3 Qd1+ 41.Kg2 Qd5+ 42.Kh2 a5
43.Bc1 Qa2+ 44.Kh3 Qc4 45.Bd2 a4 46.Kh4 Qa2 47.Bb4 Qh2+ 48.Nh3 Qh1 49.Be7 Qe1
50.Ng1 Kh7 51.Bf8 Qf2 52.Nh3 Qe1 53.Bd6 Kh6 54.Ng1 Kh7 55.Nh3 Kh8 56.Be7 Kh7
57.Ng5+ Kg8 58.Nf3+  1-0

[Event "GMA-Open"]
[Site "Belgrade"]
[Date "1988.??.??"]
[Round "?"]
[White "Rantanen, Yrjo A"]
[Black "Dizdar, Goran"]
[Result "0-1"]
[WhiteElo "2370"]
[BlackElo "2500"]

1.e4 e6 2.d4 d5 3.Nc3 Bb4 4.e5 b6 5.h4 Qd7 6.h5 Nc6 7.a3 Bf8 8.f4 Bb7 9.g4 O-O-O
10.Nce2 Kb8 11.Bh3 f6 12.Nf3 g6 13.Ng3 Ba6 14.c3 g5 15.exf6 gxf4 16.Bxf4 Nxf6
17.Qd2 Bd6 18.Ne5 Bxe5 19.dxe5 Ng8 20.O-O-O Nge7 21.Ne4 Na5 22.Qc2 Bc4 23.Nf6 Qc6
24.Qf2 d4 25.Bg2 Qa4 26.cxd4 Nb3+ 27.Kb1 Nxd4 28.Rd2 Nb3 29.Rxd8+ Rxd8 30.Be4 Nc5
31.Bc2 Bd3 32.Rc1 Bxc2+ 33.Rxc2 Nd3 34.Qd2 Qxf4 35.Qxf4 Nxf4 36.Rf2 Nd3 37.Rd2 h6
38.g5 hxg5 39.h6 Ng6 40.h7  0-1

[Event "GMA-Open"]
[Site "Belgrade"]
[Date "1988.??.??"]
[Round "?"]
[White "Danilovic, Milorad"]
[Black "Paulic, Branko"]
[Result "1-0"]
[WhiteElo "2350"]
[BlackElo "2225"]

1.e4 e6 2.d4 d5 3.Nc3 Bb4 4.e5 b6 5.Qg4 Bf8 6.f4 Nh6 7.Qd1 Nf5 8.Nce2 c5
9.Nf3 Nc6 10.c3 cxd4 11.cxd4 Bb4+ 12.Kf2 O-O 13.Bd2 Bxd2 14.Qxd2 f6 15.Rc1 Bd7
16.g4 Nh6 17.Kg3 fxe5 18.dxe5 Nf7 19.h4 Rc8 20.Ned4 Nxd4 21.Nxd4 Rc5 22.Bd3 Qb8
23.Rce1 Rfc8 24.Bb1 Rc4 25.Qd3 h6 26.g5 h5 27.Rhf1 b5 28.Nf3 Qc7 29.Qh7+ Kf8
30.g6 Nh6 31.Qh8+ Ng8 32.Ng5 Re8 33.Nh7+ Ke7 34.Qxg7+ Kd8 35.Nf8 Ne7 36.Qf7 Re4
37.g7 Qb6 38.Bxe4 dxe4  1-0

[Event "JUG-chT (Women)"]
[Site "Brezovica"]
[Date "1988.??.??"]
[Round "?"]
[White "Nikolin, Zorica"]
[Black "Petek Medic, Mirjana"]
[Result "1/2-1/2"]
[WhiteElo "2285"]
[BlackElo "2300"]

1.e4 e6 2.d4 d5 3.Nc3 Bb4 4.e5 Qd7 5.Qg4 f5 6.Qg3 b6 7.a3 Bf8 8.b4 Bb7 9.Nf3 Nc6
10.Bd2 O-O-O 11.Bb5 a6 12.Bd3 Nce7 13.Ne2 Nh6 14.h4 Kb8 15.a4 Nf7 16.Nc1 Rg8
17.Qh2 g6 18.Nb3 Nc6 19.c3 Na7 20.a5 b5 21.Bg5 Nxg5 22.hxg5 Rh8 23.Qf4 Be7
24.Ke2 Rdg8 25.Rh6 Bf8 26.Rh2 Bc8 27.Rah1 Rg7 28.Rh6 Qc6 29.Kd2 Qe8 30.Qh2 Qd7
31.Qg3 Rgg8 32.R6h3 Rg7 33.Ng1 Qd8 34.Rh6 Be7 35.Nf3 Nc6 36.R1h3 Na7 37.Ke2 Bf8
38.Qh2 Qe7 39.Nc5 Qf7 40.Nb3 Qe7 41.Bc2 Nc6 42.Nc5 Qf7 43.Nd3 Ne7 44.R6h4 Nc6
45.Qh1 Be7 46.Rh6 Bd8 47.Rh2 Be7 48.Bb3 Nd8 49.R6h3 Qg8 50.Qc1 Nf7 51.Nc5 h6
52.gxh6 Rgh7 53.Kf1 g5 54.Ng1 g4 55.Rh5 Bg5 56.Qd1 Rxh6 57.Rxh6 Rxh6 58.Rxh6 Bxh6
59.Bc2 Qg5 60.Ne2 Qh4 61.Kg1 Ng5 62.Nd3 Ne4 63.g3 Qe7 64.Ne1 Bb7 65.Ng2 Qe8
66.Bxe4 dxe4 67.Ne3 Bxe3 68.fxe3 Bd5 69.Kf2 Qc6 70.Ke1 Kb7 71.Kd2 Qc4 72.Nf4 Kc6
73.Qb1 Kd7 74.Qd1 Qa2+ 75.Qc2  1/2-1/2

[Event "Texta"]
[Site "Budapest"]
[Date "1988.??.??"]
[Round "?"]
[White "Gavrikov, Viktor"]
[Black "Farago, Ivan"]
[Result "1/2-1/2"]
[WhiteElo "2545"]
[BlackElo "2480"]

1.e4 e6 2.d4 d5 3.Nc3 Bb4 4.e5 Ne7 5.a3 Bxc3+ 6.bxc3 c5 7.h4 Qa5 8.Bd2 cxd4
9.cxd4 Qa4 10.Bb4 Nbc6 11.c3 Qxd1+ 12.Kxd1 Bd7 13.h5 h6 14.Bd3 Nxb4 15.axb4 O-O
16.f4 a5 17.bxa5 Nc6 18.Nf3 Nxa5 19.Kc2 Nc4 20.Kb3 Na5+ 21.Kb4 b6 22.Nd2 Ra7
23.Ra3 Rc8 24.Rha1 Rac7  1/2-1/2

[Event "Noviki"]
[Site "Budapest"]
[Date "1988.??.??"]
[Round "?"]
[White "Szalanczy, Emil"]
[Black "Szilagyi, Peter"]
[Result "1-0"]
[WhiteElo "2400"]
[BlackElo "2400"]

1.e4 e6 2.d4 d5 3.Nc3 Bb4 4.e5 Ne7 5.a3 Bxc3+ 6.bxc3 c5 7.Qg4 O-O 8.Nf3 Nbc6
9.Bd3 f5 10.exf6 Rxf6 11.Bg5 Rf7 12.Bxe7 Rxe7 13.Qh4 h6 14.O-O c4 15.Bg6 Bd7
16.Rfe1 Be8 17.Bxe8 Qxe8 18.Qg4 e5 19.Qf5 g6 20.Qh3 e4 21.Nd2 Qf8 22.Nf1 Qf4
23.Ne3 Rd8 24.Re2 Rd6 25.Rf1 Kh7 26.f3 h5 27.fxe4 Qxe4 28.Qg3 Rde6 29.Rf4 Qxe3+
30.Rxe3 Rxe3 31.Rf7+ Rxf7 32.Qxe3 Kg7 33.Qe6 Ne7 34.Qd7 Kh6 35.h4 a6 36.a4 a5
37.g3 Rf3 38.Qxb7  1-0

[Event "BCA op"]
[Site "Buenos Aires"]
[Date "1988.??.??"]
[Round "?"]
[White "Vazquez, Rod"]
[Black "Tempone, Marcelo"]
[Result "1-0"]
[WhiteElo "2290"]
[BlackElo "2450"]

1.e4 e6 2.d4 d5 3.Nc3 Bb4 4.e5 Qd7 5.Bd2 b6 6.Qg4 f5 7.Qh5+ Qf7 8.Qxf7+ Kxf7
9.Nb5 Bxd2+ 10.Kxd2 a6 11.Na3 Ne7 12.h4 c5 13.c3 Nbc6 14.Nf3 h6 15.h5 Bd7
16.Nc2 Na5 17.Ne3 Bb5 18.b3 Rhc8 19.Rh4 Ra7 20.g4 cxd4 21.Nxd4 f4 22.Ng2 Bxf1
23.Rxf1 Nac6 24.Nf3 d4 25.c4 Kg8 26.g5 hxg5 27.Rg4 b5 28.Rc1 Nb4 29.Rxg5 Nxa2
30.Rg1 Nc3 31.Kd3 bxc4+ 32.bxc4 Nc6 33.c5 Nb4+ 34.Kc4 Ne4 35.Nxf4 Rxc5+ 36.Kxd4 Rd7+
37.Kxe4 Rc4+ 38.Ke3 Nc2+ 39.Ke2 Re4+ 40.Kf1 Rxf4 41.Kg2 a5 42.Rb1 a4 43.Rb8+ Rf8
44.Rb2 Rc8 45.Rg4 a3 46.Ra2 Rb7 47.Ra4 Rb2 48.R4xa3 Ne3+ 49.Kh3 Rxa2 50.Rxa2 Rf8
51.Kg3 Nf5+ 52.Kg2 Kh7 53.Kh3 Kh6 54.Kg4 g6 55.hxg6 Kxg6 56.Ra6 Nh6+ 57.Kg3 Kf5
58.Nh4+ Kg5 59.Rxe6 Rg8 60.Rf6 Kh5+ 61.Kh3 Ra8 62.Ng2 Ra3+ 63.Ne3 Ra4 64.Kg3 Ng8
65.Rf5+ Kg6 66.Rf4 Ra5 67.Ng4 Ne7 68.Rf6+ Kg7 69.e6 Nf5+ 70.Rxf5  1-0

[Event "Calcutta"]
[Site "Calcutta"]
[Date "1988.??.??"]
[Round "?"]
[White "Prasad, Devaki V"]
[Black "Rogers, Ian"]
[Result "1/2-1/2"]
[WhiteElo "2405"]
[BlackElo "2520"]

1.e4 e6 2.d4 d5 3.Nc3 Bb4 4.e5 Qd7 5.a3 Bxc3+ 6.bxc3 b6 7.Qg4 f5 8.Qg3 Ba6
9.Bxa6 Nxa6 10.a4 Nb8 11.Ne2 Nc6 12.O-O Na5 13.Nf4 O-O-O 14.Ba3 Nc4 15.a5 Kb7
16.axb6 axb6 17.Rfb1 Ra8 18.Bb4 Rxa1 19.Rxa1 Nh6 20.Nd3 Rg8 21.Qg5 Nf7 22.Qc1 Ra8
23.Rxa8 Kxa8 24.Qa1+ Kb7 25.h3 Ng5 26.Nf4 Qe8 27.f3 g6 28.Kh2 Nf7 29.h4 Nd8
30.Qe1 Nf7 31.Qa1 Nh8 32.Qe1 h6 33.Qg3 Kc6 34.Kh1 Kb5 35.Nd3 g5 36.hxg5 Qh5+
37.Kg1 Qxg5 38.Qxg5 hxg5 39.Be7 Nf7 40.Kf2 Nd2 41.Ke1 Nb1 42.Bb4 g4 43.fxg4 fxg4
44.Kf2 Ng5 45.Ke3 Ne4 46.Bf8 Nbxc3 47.Nf4 Ng5 48.Be7 Nce4 49.Bxg5 Nxg5 50.Ne2 Kc4
51.Kf4 Nf7 52.Kxg4 c5 53.dxc5 bxc5 54.Kf4 d4 55.Ke4 Ng5+ 56.Kf4 Nh7 57.Ke4 Nf8
58.g4 Ng6 59.g5 Nf8 60.Nf4 Kc3 61.g6 Nxg6 62.Nxg6 Kxc2  1/2-1/2

[Event "Calcutta"]
[Site "Calcutta"]
[Date "1988.??.??"]
[Round "?"]
[White "Prasad, Devaki V"]
[Black "Arencibia, Walter"]
[Result "1/2-1/2"]
[WhiteElo "2405"]
[BlackElo "2445"]

1.e4 e6 2.d4 d5 3.Nc3 Bb4 4.e5 b6 5.a3 Bf8 6.Nf3 Ne7 7.Bd3 Ba6 8.O-O Bxd3
9.Qxd3 Qd7 10.Ne2 c5 11.c3 Qa4 12.Bg5 Ng6 13.h4 h6 14.Be3 h5 15.Bg5 Nc6 16.Rac1 c4
17.Qe3 Qb3 18.Qd2 b5 19.Ne1 Be7 20.Bxe7 Ncxe7 21.g3 a5 22.Ra1 f6 23.exf6 gxf6
24.Nc1 Qa4 25.Ra2 Nf5 26.Ng2 Kf7 27.Re1 Rae8 28.Kh1 Rhg8 29.Qe2 e5 30.dxe5 Rxe5
31.Qd2 Rge8 32.Rxe5 Rxe5 33.Kh2 d4 34.cxd4 Re4 35.Ne2 Qb3 36.Ra1 Qf3 37.Ng1 Qd3
38.Qxa5 Qxd4 39.Qxb5 Qxf2 40.Qd5+ Re6 41.Qf3 Qxf3 42.Nxf3 Re2 43.a4 Ne3 44.Ne1 Rxb2
45.a5 Nd5 46.a6 Rb8 47.Ra5 Nge7  1/2-1/2

[Event "Cannes op"]
[Site "Cannes"]
[Date "1988.??.??"]
[Round "?"]
[White "Santo Roman, Marc"]
[Black "Adrian, Claude"]
[Result "1-0"]
[WhiteElo "2435"]
[BlackElo "2230"]

1.e4 e6 2.d4 d5 3.Nc3 Bb4 4.e5 Ne7 5.Bd2 c5 6.f4 Nbc6 7.dxc5 Nf5 8.Nf3 Bxc5
9.Bd3 O-O 10.Qe2 f6 11.O-O-O fxe5 12.fxe5 Bd7 13.Rhf1 Be8 14.Ng5 Ncd4 15.Qg4 Qd7
16.Qh3 Bg6 17.g4 Nh6 18.Bxg6 hxg6 19.Qd3 Rxf1 20.Rxf1 Rf8 21.Rxf8+ Kxf8 22.Be3 Qe7
23.h4 Nf7 24.Bxd4 Nxg5 25.Bxc5 Qxc5 26.hxg5 Qg1+ 27.Kd2 Qxg4 28.Qe3 Kg8 29.Ne2 Qb4+
30.Qc3 Qg4 31.Qg3 Qb4+ 32.Kc1  1-0

[Event "Caorle op"]
[Site "Caorle"]
[Date "1988.??.??"]
[Round "2"]
[White "Rorato, Renzo"]
[Black "Mambrini, Augusto"]
[Result "1-0"]
[WhiteElo "2050"]
[BlackElo "1930"]

1.e4 e6 2.d4 d5 3.Nc3 Bb4 4.e5 Ne7 5.Qg4 Nf5 6.a3 Bxc3+ 7.bxc3 c5 8.Bd3 h5
9.Qh3 Nc6 10.Ne2 Nce7 11.g4 c4 12.Bxf5 exf5 13.gxh5 f4 14.Qg2 Rxh5 15.Qxg7 Bf5
16.Bxf4 Bxc2 17.Bg5 Rh7 18.Qf6 Rc8 19.h4 Rc6 20.Qxe7+ Qxe7 21.Bxe7 Kxe7 22.f3 Rch6
23.Kd2 Bf5 24.Nf4 Rxh4 25.Rxh4 Rxh4 26.Nxd5+ Ke6 27.Nc7+ Kd7 28.Nb5 Kc6 29.Nd6 Be6
30.Re1 Bd5 31.Ne4 b5 32.Ke3 Rh3 33.Rf1 Rh2 34.Nf2 Rg2 35.Rh1 Be6 36.Rh8 Rg1
37.Rh1 Rg2 38.Rh4 a5 39.Rh1 Bf5 40.Kf4 Rxf2 41.Kxf5 Rxf3+ 42.Ke4 Rxc3 43.Rf1 b4
44.axb4 axb4 45.d5+ Kc5 46.Rxf7 b3 47.Rb7 Rc1 48.d6 Re1+ 49.Kf4 Rd1 50.Kf5 Rd3
51.Rc7+ Kb4 52.d7 b2 53.Rb7+ Kc3 54.e6 Kc2 55.e7 Rxd7 56.Rxd7 b1=Q 57.e8=Q Qf1+
58.Kg5 Qg2+ 59.Kf6 Qf3+ 60.Kg7 Qg2+ 61.Kh8 Qg5 62.Rd6 c3 63.Qe5 Qh4+ 64.Kg7 Qg4+
65.Kf6 Qb4 66.Rd4 Qf8+ 67.Kg5 Qg8+ 68.Kf4 Qg2 69.Qe4+ Qxe4+ 70.Kxe4 Kb2 71.Kd3 c2
72.Rb4+  1-0

[Event "Caorle op"]
[Site "Caorle"]
[Date "1988.??.??"]
[Round "2"]
[White "Wagman, Stuart"]
[Black "Tamai, Roberto"]
[Result "0-1"]
[WhiteElo "2230"]
[BlackElo "2155"]

1.e4 e6 2.d4 d5 3.Nc3 Bb4 4.e5 Ne7 5.a3 Bxc3+ 6.bxc3 c5 7.Qg4 Qc7 8.Qxg7 Rg8
9.Qxh7 cxd4 10.Ne2 Nbc6 11.f4 Bd7 12.Qd3 dxc3 13.Rb1 d4 14.Rg1 O-O-O 15.g4 Nd5
16.Rg3 f6 17.exf6 Nxf6 18.g5 Nh5 19.Rh3 Be8 20.Bg2 Rf8 21.Qe4 Ng7 22.Rh7 Rf7
23.Bh3 Re7 24.Kf2 Nf5 25.Rxe7 Ncxe7 26.Qxe6+ Bd7 27.Qf7 Qc5 28.Ke1 Rh8 29.Rb4 b5
30.Bxf5 Nxf5 31.g6 Rf8 32.g7 Rxf7 33.g8=Q+ Rf8 34.Qh7 Re8 35.Kf1 a5 36.Rb1 Qd5  0-1

[Event "Caorle op"]
[Site "Caorle"]
[Date "1988.??.??"]
[Round "3"]
[White "Scheck, Rudolf"]
[Black "Ilic, Ognjen"]
[Result "1/2-1/2"]
[WhiteElo "2000"]
[BlackElo "2420"]

1.e4 e6 2.d4 d5 3.Nc3 Bb4 4.e5 Ne7 5.a3 Bxc3+ 6.bxc3 c5 7.Qg4 Qc7 8.Qxg7 Rg8
9.Qxh7 cxd4 10.Ne2 Nbc6 11.f4 Bd7 12.Qd3 dxc3 13.Qxc3 O-O-O 14.Rb1 Nf5 15.g3 d4
16.Qc5 b6 17.Qc4 Kb8 18.Bg2 Rc8 19.Bd2 Nce7 20.Qxc7+ Rxc7 21.c3 dxc3 22.Nxc3 Nd4
23.Rb2 Rgc8 24.Ne4 Nc2+ 25.Kf2 Nxa3 26.Bb4 Rc2+ 27.Rxc2 Rxc2+ 28.Kg1 Rc1+
29.Kf2 Rc2+ 30.Kg1 Rc1+ 31.Kf2  1/2-1/2

[Event "COL-ch"]
[Site "?"]
[Date "1988.??.??"]
[Round "12"]
[White "Garcia, Gildardo"]
[Black "Agudelo, Antonio"]
[Result "1-0"]
[WhiteElo "2430"]
[BlackElo "2305"]

1.e4 e6 2.d4 d5 3.Nc3 Bb4 4.e5 Ne7 5.a3 Bxc3+ 6.bxc3 c5 7.a4 Nbc6 8.Nf3 Qa5
9.Qd2 Bd7 10.Bd3 c4 11.Be2 O-O-O 12.O-O f6 13.Ba3 h5 14.Nh4 Rdg8 15.f4 Qd8
16.exf6 gxf6 17.f5 Nxf5 18.Nxf5 exf5 19.Bd6 Be6 20.Bf4 Qd7 21.a5 h4 22.h3 Bf7
23.Bf3 Bh5 24.a6 b6 25.Bh2 Bxf3 26.Rxf3 Rh7 27.Raf1 Rg5 28.Qf4 Re7 29.Qxh4 Re2
30.R3f2 Re8 31.Bf4 Rg6 32.Qh5 Reg8 33.Re2 b5 34.Bh2 b4 35.Rxf5 Rg5 36.Rxg5 fxg5
37.cxb4 Nxd4 38.Rd2 Qe6 39.Qd1 Nc6 40.Rxd5 Rd8 41.Rxd8+ Nxd8 42.Bd6 Nf7 43.Bg3 Qxa6
44.Qd5 Nd8 45.b5 Qe6 46.Qc5+ Kd7 47.Qxa7+ Ke8 48.Qd4 g4 49.Qxg4 Qb6+ 50.Kh2 Qxb5
51.Qg6+ Kd7 52.Qd6+ Ke8 53.Bh4 Nc6 54.Qe6+ Kf8 55.Qd6+ Ke8 56.Qe6+ Kf8 57.Qd7 Qe5+
58.Bg3 Qe4 59.Qd6+ Kf7 60.Bf4 Nd4 61.Be5 Nxc2 62.Qf6+  1-0

[Event "CUB-ch"]
[Site "?"]
[Date "1988.??.??"]
[Round "?"]
[White "Lugo, Blas"]
[Black "Arencibia, Juan Joel"]
[Result "1/2-1/2"]
[WhiteElo "2305"]
[BlackElo "2350"]

1.e4 e6 2.d4 d5 3.Nc3 Bb4 4.e5 Ne7 5.Qg4 c5 6.dxc5 Bxc3+ 7.bxc3 O-O 8.Bd3 Nd7
9.Nf3 f5 10.exf6 Nxf6 11.Qh4 Nc6 12.O-O e5 13.Bb5 Qa5 14.Bxc6 bxc6 15.c4 e4
16.Nd2 Ba6 17.Nb3 Qc3 18.Be3 Bxc4 19.Bd4 Qb4 20.Rfb1 Rae8 21.c3 Qa4 22.Qg3 Qa6
23.h3 Bd3 24.Re1 Qb7 25.Qh4 Qf7 26.Nc1 Ba6 27.Rb1 Nh5 28.Ne2 Re6 29.Be3 Rf6
30.Nd4 Nf4 31.Red1 Nd3 32.Rd2 Nxc5 33.Nb3 Nd3 34.Nc5 Nxc5 35.Bxc5 Re8 36.Rdb2 Bd3
37.Re1 Rg6 38.Re3 h6 39.Rg3 Rxg3 40.Qxg3 Kh7 41.Bd4 Bb5 42.Qe3 a6 43.Rb4 a5
44.Rb1 a4 45.Re1 Bc4 46.a3 Rb8 47.Qg3 Re8 48.Qd6 Re6 49.Qd8 Qe7 50.Qxe7 Rxe7
51.Rb1 Bb3 52.Kf1 Kg6 53.Ke2 Rb7 54.Ke3 Rb5 55.c4 dxc4 56.Rb2 Rg5 57.g3 Rf5
58.Kxe4 Rf8 59.Rd2 Re8+ 60.Be5 Re7 61.Rd6+ Kf7 62.Rxc6  1/2-1/2

[Event "CUB-ch"]
[Site "?"]
[Date "1988.??.??"]
[Round "?"]
[White "Diaz, Joaquin C"]
[Black "Vilela, Jose Luis"]
[Result "0-1"]
[WhiteElo "2485"]
[BlackElo "2410"]

1.e4 e6 2.d4 d5 3.Nc3 Bb4 4.e5 Ne7 5.a3 Bxc3+ 6.bxc3 c5 7.h4 Qa5 8.Bd2 cxd4
9.cxd4 Qa4 10.Nf3 Nbc6 11.Bc3 b6 12.Qb1 Ba6 13.Qb3 Qxb3 14.cxb3 Bxf1 15.Rxf1 h5
16.Kd2 f6 17.Rfe1 Kd7 18.Re2 Nf5 19.Rae1 Rhe8 20.g3 a5 21.Kd3 a4 22.b4 Na7
23.Rc2 Rac8 24.Rec1 Nb5 25.Bb2 Rxc2 26.Rxc2 Ne7 27.Ng1 Rf8 28.f4 Nf5 29.Ne2 Rc8
30.Rd2 Ke7 31.Rd1 Kf7 32.Rf1 Kg6 33.Rf3 Rc4 34.Rf1 Rc6 35.Rf3 Rc7 36.Kd2 Rc8
37.Rd3 Rc4 38.Ba1 Kf7 39.Bb2 Kg6 40.Ba1 Rc6 41.Bb2 Nh6 42.Nc3 Nxc3 43.Bxc3 b5  0-1

[Event "Dieren op"]
[Site "Dieren"]
[Date "1988.??.??"]
[Round "8"]
[White "Booij, Johan"]
[Black "Vogel, Jaap"]
[Result "1-0"]
[WhiteElo "2295"]
[BlackElo "2250"]

1.e4 e6 2.d4 d5 3.Nc3 Bb4 4.e5 b6 5.Bd2 Bf8 6.Nf3 Ne7 7.Bb5+ c6 8.Ba4 a5
9.a3 Ba6 10.Ne2 Qc8 11.O-O Bc4 12.Re1 Qa6 13.Nf4 h6 14.Nh5 Nd7 15.Nh4 b5
16.Bb3 g6 17.Nf6+ Kd8 18.Nf3 Bg7 19.Ng4 Nf5 20.h4 Qa7 21.a4 Bxb3 22.axb5 Bc4
23.Rxa5 Qxa5 24.Bxa5+ Rxa5 25.bxc6 Nb6 26.Ne3 Kc7 27.Nxf5 gxf5 28.b3 Bb5
29.Nd2 Bf8 30.Qh5 Rh7 31.Nf3 Bb4 32.Rc1 Bd2 33.Nxd2 f4 34.Nf3 Be2 35.Re1 Bxf3
36.Qxf3 Ra2 37.Re2 Ra1+ 38.Kh2 Rd1 39.c3 Rd3 40.Rc2  1-0

[Event "Dordrecht"]
[Site "Dordrecht"]
[Date "1988.??.??"]
[Round "?"]
[White "Riemersma, Liafbern"]
[Black "Farago, Ivan"]
[Result "1/2-1/2"]
[WhiteElo "2420"]
[BlackElo "2445"]

1.e4 e6 2.d4 d5 3.Nc3 Bb4 4.e5 Ne7 5.a3 Bxc3+ 6.bxc3 c5 7.Qg4 O-O 8.Bd3 Nbc6
9.Nf3 f5 10.exf6 Rxf6 11.Bg5 Rf7 12.Bxe7 Rxe7 13.Qh4 g6 14.O-O c4 15.Be2 Qf8
16.Rfe1 Bd7 17.Bd1 Kg7 18.Qg5 Qf6 19.Qd2 Rf8 20.Ne5 Nxe5 21.Rxe5 Qf4 22.Qe1 Ref7
23.Bf3 Rf5 24.Re3 b5 25.Qd2 Qd6 26.Qc1 a5 27.Qb2 Rf4 28.Rf1 g5 29.Be2 h6
30.g3 R4f6 31.Qc1 Be8 32.Bg4 Bg6 33.f3 Bf5 34.Bxf5 Rxf5 35.Kg2  1/2-1/2

[Event "Dortmund-B"]
[Site "Dortmund"]
[Date "1988.??.??"]
[Round "?"]
[White "Mainka, Gregor"]
[Black "Farago, Ivan"]
[Result "1-0"]
[WhiteElo "2260"]
[BlackElo "2475"]

1.e4 e6 2.d4 d5 3.Nc3 Bb4 4.e5 Ne7 5.a3 Bxc3+ 6.bxc3 b6 7.a4 Ba6 8.Bd3 Bxd3
9.cxd3 Nd7 10.Nf3 O-O 11.O-O c5 12.Re1 Rc8 13.dxc5 Nxc5 14.Nd4 Nb7 15.Re3 Ng6
16.Rh3 Re8 17.Qh5 h6 18.Bd2 Na5 19.Re1 a6 20.g4 Nc6 21.Nxc6 Rxc6 22.g5 Nf8
23.gxh6 g6 24.h7+ Kh8 25.Qh6 f6 26.exf6 Qxf6 27.Bg5 Qf7 28.Ree3 Nd7 29.Ref3 Qg7
30.Qxg7+ Kxg7 31.Bh6+ Kxh7 32.Rf7+ Kg8 33.Rg7+  1-0

[Event "Edinburgh op"]
[Site "Edinburgh"]
[Date "1988.??.??"]
[Round "3"]
[White "Bryson, Douglas M"]
[Black "Dempsey, A."]
[Result "1-0"]
[WhiteElo "2295"]
[BlackElo "2200"]

1.e4 e6 2.d4 d5 3.Nc3 Bb4 4.e5 Qd7 5.a3 Bxc3+ 6.bxc3 b6 7.Qg4 f5 8.Qg3 Ba6
9.Bxa6 Nxa6 10.Ne2 Qf7 11.O-O Ne7 12.c4 c6 13.a4 O-O 14.Ba3 Rfd8 15.Qd3 Nc7
16.Bd6 dxc4 17.Qxc4 Rac8 18.Qb3 Ne8 19.Ba3 c5 20.dxc5 bxc5 21.Rad1 c4 22.Qf3 Nd5
23.Nd4 Qd7 24.g4 fxg4 25.Qf8+  1-0

[Event "Eppingen BM"]
[Site "Eppingen"]
[Date "1988.??.??"]
[Round "?"]
[White "Fehling, Michael"]
[Black "Herbrechtsmeier, Christof"]
[Result "1/2-1/2"]
[WhiteElo "2255"]
[BlackElo "2305"]

1.e4 e6 2.d4 d5 3.Nc3 Bb4 4.e5 Ne7 5.a3 Bxc3+ 6.bxc3 b6 7.Qg4 Rg8 8.a4 Ba6
9.Bxa6 Nxa6 10.Ne2 Nb8 11.O-O Nbc6 12.Qh3 Qd7 13.Qxh7 O-O-O 14.Qd3 Na5 15.Ba3 Kb7
16.Nc1 Nc4 17.Bxe7 Qxe7 18.Nb3 a5 19.Nd2 Nxd2 20.Qxd2 Qh4 21.f4 Rh8 22.g3 Qg4
23.Rf2 Rh3 24.Qe2 Qxe2 25.Rxe2 g6 26.Kg2 Rdh8 27.Rh1 Kc6 28.Ree1 b5 29.Ra1 bxa4
30.Rxa4 Kb5 31.Ra3 a4 32.Rb1+ Kc6 33.Rh1 Kb5 34.Rb1+ Kc6 35.Rh1  1/2-1/2

[Event "Espoo"]
[Site "Espoo"]
[Date "1988.??.??"]
[Round "1"]
[White "Raaste, Eero J"]
[Black "Kekki, Petri"]
[Result "0-1"]
[WhiteElo "2415"]
[BlackElo "2230"]

1.e4 e6 2.d4 d5 3.Nc3 Bb4 4.e5 Ne7 5.a3 Bxc3+ 6.bxc3 c5 7.Qg4 Qc7 8.Qxg7 Rg8
9.Qxh7 cxd4 10.Ne2 dxc3 11.f4 b6 12.Nd4 Ba6 13.Nb5 Bxb5 14.Bxb5+ Nd7 15.Qh3 a6
16.Be2 Nf5 17.g4 Nd4 18.Bd1 Qc4 19.Be3 Nc5 20.Qf1 Qa4 21.Qg2 Nf5 22.Bc1 Qd4
23.Rf1 Ne4 24.Qg1 Qxg1 25.Rxg1 O-O-O 26.Kf1 Nh4 27.Be2 Kb7 28.Be3 d4 29.Bc1 Nc5
30.Rg3 b5 31.Rh3 Rh8 32.Rb1 Ng6 33.Rxh8 Rxh8 34.Kg2 Kc7 35.Rb4 Rd8 36.Bd3 Kb6
37.Kg3 Nxd3 38.cxd3 a5 39.Rb3 Rh8 40.h3 Kc5 41.Rb1 b4 42.a4 Kd5 43.Rb3 Nf8  0-1

[Event "FIN-chT"]
[Site "?"]
[Date "1988.??.??"]
[Round "?"]
[White "Raaste, Eero J"]
[Black "Kekki, Petri"]
[Result "1-0"]
[WhiteElo "2415"]
[BlackElo "2230"]

1.e4 e6 2.d4 d5 3.Nc3 Bb4 4.e5 Ne7 5.a3 Bxc3+ 6.bxc3 c5 7.Qg4 Qc7 8.Qxg7 Rg8
9.Qxh7 cxd4 10.Ne2 dxc3 11.f4 b6 12.Nd4 a6 13.a4 Nd7 14.Qd3 Ng6 15.g3 Bb7
16.Ba3 Rc8 17.Be2 Qd8 18.Qe3 Ne7 19.O-O Nc5 20.a5 Nc6 21.axb6 Ne4 22.Nb3 Qh4
23.Rf3 Qh5 24.Nc5 Nxc5 25.Qxc5 f5 26.exf6 Rh8 27.Rf2 Qf5 28.Re1 Kf7 29.Bd3 Qxf6
30.f5 e5 31.Qxd5+ Ke8 32.Qe6+ Qxe6 33.fxe6 Nd4 34.Bg6+ Kd8 35.e7+ Kd7 36.Rxe5 Rcg8
37.e8=N Rxe8 38.Bxe8+ Rxe8 39.Rxe8 Kxe8 40.Bb4  1-0

[Event "FIN-SWE"]
[Site "?"]
[Date "1988.??.??"]
[Round "1"]
[White "Raaste, Eero J"]
[Black "Brynell, Stellan"]
[Result "0-1"]
[WhiteElo "2415"]
[BlackElo "2355"]

1.e4 e6 2.d4 d5 3.Nc3 Bb4 4.e5 Qd7 5.a3 Bxc3+ 6.bxc3 b6 7.a4 Ba6 8.Bxa6 Nxa6
9.Qg4 f5 10.Qh5+ g6 11.Qe2 Nb8 12.h4 h6 13.Nh3 Nc6 14.Nf4 Nge7 15.Ba3 Rg8
16.f3 Na5 17.g4 fxg4 18.fxg4 Nc4 19.h5 Nxa3 20.Rxa3 g5 21.Ng2 Rf8 22.Rf1 O-O-O
23.Ra1 Nc6 24.Qa6+ Kb8 25.Ke2 Na5 26.Qd3 c5 27.Qb5 Qc7 28.Rxf8 Rxf8 29.Rf1 Rxf1
30.Kxf1 cxd4 31.cxd4 Qf7+ 32.Ke2 Nc4 33.Qc6 Qh7 34.Kd1 Qe7 35.Ke2 Na5 36.Qb5 Nc4
37.Qc6 Qb4 38.Qxe6 Qd2+ 39.Kf3 Qc3+ 40.Ke2 Qxc2+ 41.Ke1 Qe4+ 42.Kf1 Qd3+
43.Ke1 Qd2+ 44.Kf1 Qd1+ 45.Ne1 Nd2+ 46.Kf2 Ne4+ 47.Kf1 Qb3 48.Qe8+ Kb7 49.Qb5 Qh3+
50.Kg1 Qe3+  0-1

[Event "Frankfurt"]
[Site "Frankfurt"]
[Date "1988.??.??"]
[Round "10"]
[White "Carton, Patrick"]
[Black "Sinkovics, Peter"]
[Result "1-0"]
[WhiteElo "2240"]
[BlackElo "2310"]

1.e4 e6 2.d4 d5 3.Nc3 Bb4 4.e5 Ne7 5.a3 Bxc3+ 6.bxc3 c5 7.Qg4 Qc7 8.Qxg7 Rg8
9.Qxh7 cxd4 10.Ne2 Nbc6 11.f4 Bd7 12.Qd3 dxc3 13.Qxc3 Nf5 14.Rb1 O-O-O 15.Bd2 d4
16.Qc5 b6 17.Qc4 Kb8 18.h3 Bc8 19.Rg1 Bb7 20.g4 Nh4 21.Rg3 Rd5 22.Bb4 Rgd8
23.Bd6 R5xd6 24.exd6 Qxd6 25.Rd1 f6 26.c3 e5 27.Rgd3 Qe7 28.cxd4 exf4 29.d5 Ne5
30.Qxf4 Ka8 31.Re3 Bxd5 32.Kf2 Qc5 33.Kg3 Nhg6 34.Qd4 Qc7 35.Nf4 Nc6 36.Qxf6 Rf8
37.Qxf8+ Nxf8 38.Rxd5 Ng6 39.Rf5 Nxf4 40.Rxf4 Ne5 41.Bg2+ Nc6 42.Re6  1-0

[Event "Peer Gynt"]
[Site "Gausdal"]
[Date "1988.??.??"]
[Round "?"]
[White "Schmittdiel, Eckhard"]
[Black "Brunner, Lucas"]
[Result "1-0"]
[WhiteElo "2425"]
[BlackElo "2425"]

1.e4 e6 2.d4 d5 3.Nc3 Bb4 4.e5 Ne7 5.a3 Bxc3+ 6.bxc3 c5 7.a4 Nbc6 8.Nf3 Qa5
9.Qd2 Bd7 10.Ba3 cxd4 11.cxd4 Qxd2+ 12.Kxd2 Nf5 13.c3 Na5 14.Ra2 Nc4+ 15.Bxc4 dxc4
16.a5 Bc6 17.Ke2 h5 18.Rb1 f6 19.Rab2 Kd7 20.Nd2 fxe5 21.dxe5 Rac8 22.f3 Bd5
23.Ne4 Rc7 24.Nc5+ Kc8 25.Na6 Rd7 26.Bc5 Rhd8 27.Nb4 Nh4 28.Nxd5 Rxd5 29.Be7 Rxe5+
30.Kf1 Rd7 31.Bxh4 Rxa5 32.Rb4 Rc7 33.Bg3 e5 34.Rb5  1-0

[Event "Geneve op"]
[Site "Geneve"]
[Date "1988.??.??"]
[Round "?"]
[White "Mantovani, Renzo"]
[Black "Adrian, Claude"]
[Result "1-0"]
[WhiteElo "2410"]
[BlackElo "2230"]

1.e4 e6 2.d4 d5 3.Nc3 Bb4 4.e5 Ne7 5.Qg4 c5 6.Nf3 cxd4 7.Nxd4 Qc7 8.Bb5+ Nbc6
9.O-O O-O 10.Nxc6 Nxc6 11.Bxc6 Bxc3 12.bxc3 bxc6 13.Re1 Rb8 14.Bg5 Kh8 15.Qh4 Rb2
16.Re3 Qb7 17.Rc1 Rxc2 18.Rf1 f5 19.exf6 Rxa2 20.fxg7+ Qxg7 21.Bh6 Qf6 22.Rf3 Qxf3
23.gxf3  1-0

[Event "BL2-SW8788"]
[Site "Germany"]
[Date "1988.??.??"]
[Round "?"]
[White "Mudelsee, Manfred"]
[Black "Heckler, Mario"]
[Result "0-1"]
[WhiteElo "2385"]
[BlackElo "2215"]

1.e4 e6 2.d4 d5 3.Nc3 Bb4 4.e5 b6 5.Qg4 Bf8 6.Bb5+ c6 7.Ba4 Qd7 8.Nge2 Na6
9.Bb3 Bb7 10.a4 Ne7 11.O-O O-O-O 12.a5 b5 13.Bg5 h6 14.Bxe7 Bxe7 15.Nd1 h5
16.Qh3 c5 17.c3 c4 18.Bc2 Nb8 19.f4 f5 20.exf6 gxf6 21.Ng3 Kc7 22.Nxh5 Rdg8
23.Qf3 f5 24.Nf2 Rg6 25.Rfe1 Bh4 26.Ng3 Rhg8 27.Nf1 Rxg2+ 28.Qxg2 Rxg2+ 29.Kxg2 Bc8
30.Ng3 Qd6 31.Kf3 Nc6 32.Nh3 Qd8 33.Rg1 Bf6 34.Rad1 Qh8 35.Nf2 Bxd4 36.cxd4 Nxd4+
37.Rxd4 Qxd4 38.Rb1 Qf6 39.Ne2 d4 40.Rd1 Bb7+ 41.Be4 fxe4+ 42.Nxe4 Bxe4+
43.Kxe4 Qf5+ 44.Kxd4 Qd5+  0-1